00425nam a2200133Ia 4500008004100000041000800041082001600049100001800065245002200083260003800105300002400143999001700167952010700184240624s9999 xx 000 0 und d aeng a332.642 BRO aBROKERS FORUM aOPERATIONS MANUAL c2015aManualMumbaibBrokers Forum a506 : p. : cm. ; 28 c24044d24044 00104070aIMTNbIMTNcRack 12-Bd2015-03-03o332.642 BROp24044r2024-06-24 00:00:00w2024-06-24yBK